Verstärkung der kulturellen Identität des March-Gebietes / Pomoraví : (Chronik des Projektes OP Grenzüberschreitende Zusammenarbeit Interreg Österreich - Tschechische Republik V-A KPF-02-085) /

Hlavní autor: Jeřábek, Milan, 1956-
Další autoři: Svobodová, Vendula
Jazyk: Němčina
Vydáno: Brno : Masaryk-Universität ;MINO, Tomáš Mikulenka, 2019
Témata:
Fyzický popis: 97 stran : ilustrace (převážně barevné), faksimile ; 30 cm
Knihy
Uloženo v:
LEADER 03352nam a2200781 i 4500
001 nkc20193133605
003 CZ PrNK
005 20191112140058.0
007 ta
008 190918s2019 xr ah f 000 0 ger
015 |a cnb003133605 
020 |a 978-80-87889-15-2  |q (Tomáš Mikulenka - MINO ;  |q brožováno) 
035 |a (OCoLC)1130277217 
040 |a OLA001  |b cze  |e rda 
043 |a e-au---  |a e-xr---  |b e-xr-mr  |b e-xr-jm  |2 czenas 
072 7 |a 338.3/.4  |x Hospodářská a výrobní odvětví  |2 Konspekt  |9 4 
080 |a 913(1-192)  |2 MRF 
080 |a 316.72:323.174  |2 MRF 
080 |a 316.72  |2 MRF 
080 |a 338.48  |2 MRF 
080 |a 904  |2 MRF 
080 |a 316.4.063.3  |2 MRF 
080 |a 37.014.542  |2 MRF 
080 |a (437.32)  |2 MRF 
080 |a (437.322)  |2 MRF 
080 |a (436.2)  |2 MRF 
080 |a (048.8:082)  |2 MRF 
100 1 |a Jeřábek, Milan,  |d 1956-  |7 mzk2004248649  |4 aut  |4 pht 
245 1 0 |a Verstärkung der kulturellen Identität des March-Gebietes / Pomoraví :  |b (Chronik des Projektes OP Grenzüberschreitende Zusammenarbeit Interreg Österreich - Tschechische Republik V-A KPF-02-085) /  |c Milan Jeřábek, Vendula Svobodová et al. 
246 3 0 |a Chronik des Projektes OP Grenzüberschreitende Zusammenarbeit Interreg Österreich - Tschechische Republik V-A KPF-02-085 
264 1 |a Brno :  |b Masaryk-Universität ;  |a Ústí nad Labem :  |b MINO, Tomáš Mikulenka,  |c 2019 
300 |a 97 stran :  |b ilustrace (převážně barevné), faksimile ;  |c 30 cm 
336 |a text  |b txt  |2 rdacontent 
337 |a bez média  |b n  |2 rdamedia 
338 |a svazek  |b nc  |2 rdacarrier 
500 |a 50 výtisků 
504 |a Obsahuje bibliografie a bibliografické odkazy 
650 0 7 |a pohraničí  |7 ph124197  |z Česko  |2 czenas 
650 0 7 |a regionální identita  |7 ph121103  |z Česko  |2 czenas 
650 0 7 |a kulturní identita  |7 ph122024  |z Česko  |2 czenas 
650 0 7 |a cestovní ruch  |7 ph119113  |z Česko  |2 czenas 
650 0 7 |a kulturní památky  |7 ph115033  |z Česko  |2 czenas 
650 0 7 |a přeshraniční spolupráce  |7 ph135604  |z Česko  |2 czenas 
650 0 7 |a přeshraniční spolupráce  |7 ph135604  |z Rakousko  |2 czenas 
650 0 7 |a vzdělávací projekty  |7 ph242428  |z Česko  |2 czenas 
650 0 9 |a border region  |z Czechia  |2 eczenas 
650 0 9 |a regional identity  |z Czechia  |2 eczenas 
650 0 9 |a cultural identity  |z Czechia  |2 eczenas 
650 0 9 |a tourism  |z Czechia  |2 eczenas 
650 0 9 |a cultural monuments  |z Czechia  |2 eczenas 
650 0 9 |a transborder cooperation  |z Czechia  |2 eczenas 
650 0 9 |a transborder cooperation  |z Austria  |2 eczenas 
650 0 9 |a educational projects  |z Czechia  |2 eczenas 
651 7 |a Pomoraví (Česko)  |7 ge129850  |2 czenas 
651 7 |a Jihomoravský kraj (Česko : 2000-)  |7 ge129473  |2 czenas 
651 7 |a Dolní Rakousko (Rakousko)  |7 ge134134  |2 czenas 
651 9 |a Pomoraví Region (Czechia)  |2 eczenas 
651 9 |a Jihomoravský kraj (Czechia : 2000-)  |2 eczenas 
651 9 |a Lower Austria (Austria)  |2 eczenas 
655 7 |a kolektivní monografie  |7 fd501537  |2 czenas 
655 9 |a collective monographs  |2 eczenas 
700 1 |a Svobodová, Vendula  |7 ola20191053748  |4 aut 
910 2 |a BOA001  |b 4-1436.057 
928 9 |a Masarykova univerzita 
990 |a BK 
995 |a 01 
991 |b 201910  |c NOV 
996 6 |b 2610799688  |c 4-1436.057  |l MZK  |r Sklad / do 1 hodiny  |n 0  |p p.v.  |w 001761423  |u 000010  |a 1  |e BOA001  |j MZK50  |s P